Sélection de Tuiles - Départements Français - Statistiques

Statistiques générales
  • Ce quiz a été pris 7 545 fois
  • Le résultat moyen est 53 sur 80
Statistiques - réponses
Question Tuile Select % Correct
les départements dont le nom provient d'un cours d'eau Martinique Non
97%
les départements dont le nom provient d'un cours d'eau Guyane Non
95%
les départements dont le nom provient d'un cours d'eau Landes Non
95%
les départements dont le nom provient d'un cours d'eau Morbihan Non
90%
les départements de la région Nouvelle-Aquitaine Puy-de-Dôme Non
90%
les départements dont le nom provient d'un cours d'eau Yvelines Non
89%
les départements qui ont plus d'un million d'habitants Ain Non
88%
les départements dont le nom provient d'un cours d'eau Cantal Non
88%
les départements qui ont plus d'un million d'habitants Calvados Non
87%
les départements de la région Nouvelle-Aquitaine Indre Non
87%
les départements qui ont plus d'un million d'habitants Paris Oui
86%
les départements qui ont plus d'un million d'habitants Vendée Non
86%
les départements dont le nom provient d'un cours d'eau Calvados Non
85%
les départements dont le nom provient d'un cours d'eau Meuse Oui
85%
les départements de la région Nouvelle-Aquitaine Gironde Oui
84%
les départements qui ont plus d'un million d'habitants Maine-et-Loire Non
84%
les départements ayant un numéro pair Paris Non
82%
les départements dont la préfecture commence par C Alpes-Maritimes Non
81%
les départements qui ont plus d'un million d'habitants Bouches-du-Rhône Oui
81%
les départements dont le nom provient d'un cours d'eau Cher Oui
81%
les départements dont la préfecture commence par C Maine-et-Loire Non
80%
les départements ayant un numéro pair Bouches-du-Rhône Non
79%
les départements de la région Nouvelle-Aquitaine Vendée Non
79%
les départements de la région Nouvelle-Aquitaine Landes Oui
78%
les départements de la région Nouvelle-Aquitaine Pyrénées-Orientales Non
78%
les départements ayant un numéro pair Rhône Non
77%
les départements de la région Nouvelle-Aquitaine Pyrénées-Atlantiques Oui
76%
les départements dont le nom provient d'un cours d'eau Sarthe Oui
76%
les départements de la région Nouvelle-Aquitaine Dordogne Oui
75%
les départements dont la préfecture commence par C Hauts-de-Seine Non
75%
les départements dont la préfecture commence par C Oise Non
75%
les départements ayant un numéro pair Seine-Saint-Denis Non
75%
les départements ayant un numéro pair Nord Non
74%
les départements dont la préfecture commence par C Tarn Non
74%
les départements qui ont plus d'un million d'habitants Loire Non
73%
les départements qui ont plus d'un million d'habitants Nord Oui
73%
les départements dont le nom provient d'un cours d'eau Var Oui
73%
les départements ayant un numéro pair Gironde Non
72%
les départements ayant un numéro pair Maine-et-Loire Non
72%
les départements dont la préfecture commence par C Essonne Non
71%
les départements ayant un numéro pair Jura Non
68%
les départements qui ont plus d'un million d'habitants La Réunion Non
67%
les départements ayant un numéro pair Moselle Non
65%
les départements de la région Nouvelle-Aquitaine Hautes-Pyrénées Non
64%
les départements dont le nom provient d'un cours d'eau Mayenne Oui
64%
les départements qui ont plus d'un million d'habitants Alpes-Maritimes Oui
63%
les départements qui ont plus d'un million d'habitants Haut-Rhin Non
63%
les départements dont la préfecture commence par C Manche Non
63%
les départements dont la préfecture commence par C Pas-de-Calais Non
63%
les départements de la région Nouvelle-Aquitaine Gers Non
62%
les départements dont le nom provient d'un cours d'eau Ardèche Oui
61%
les départements de la région Nouvelle-Aquitaine Tarn-et-Garonne Non
60%
les départements ayant un numéro pair Hérault Oui
59%
les départements dont la préfecture commence par C Calvados Oui
57%
les départements de la région Nouvelle-Aquitaine Lot Non
57%
les départements ayant un numéro pair Loire Oui
54%
les départements ayant un numéro pair Manche Oui
54%
les départements dont le nom provient d'un cours d'eau Vaucluse Non
54%
les départements dont la préfecture commence par C Guyane Oui
53%
les départements qui ont plus d'un million d'habitants Val-de-Marne Oui
53%
les départements ayant un numéro pair Gard Oui
52%
les départements ayant un numéro pair Morbihan Oui
51%
les départements qui ont plus d'un million d'habitants Pas-de-Calais Oui
51%
les départements ayant un numéro pair Pas-de-Calais Oui
51%
les départements dont la préfecture commence par C Puy-de-Dôme Oui
51%
les départements de la région Nouvelle-Aquitaine Corrèze Oui
50%
les départements dont la préfecture commence par C Savoie Oui
50%
les départements de la région Nouvelle-Aquitaine Vienne Oui
50%
les départements dont le nom provient d'un cours d'eau Lozère Non
49%
les départements ayant un numéro pair Sarthe Oui
49%
les départements de la région Nouvelle-Aquitaine Deux-Sèvres Oui
47%
les départements de la région Nouvelle-Aquitaine Creuse Oui
46%
les départements qui ont plus d'un million d'habitants Haute-Garonne Oui
46%
les départements dont la préfecture commence par C Haut-Rhin Oui
46%
les départements dont la préfecture commence par C Ardennes Oui
41%
les départements dont la préfecture commence par C Aude Oui
39%
les départements dont la préfecture commence par C Indre Oui
35%
les départements qui ont plus d'un million d'habitants Ille-et-Vilaine Oui
33%
les départements qui ont plus d'un million d'habitants Isère Oui
26%
les départements dont le nom provient d'un cours d'eau Vendée Oui
15%
Aucun quiz correspondant
Distribution des résultats
% des personnes avec chaque résultat
Percentile par nombre de réponses
Votre historique - résultats
Vous n’avez pas pris ce quiz